Guru sebagai pendorong dalam darjah

Bibliographic Details
Main Author: Ainon Muhammad
Corporate Author: Title
Other Authors: Abdullah Hassan
Format: Book
Published: Pahang : PTS Professional Publishing , 2005
Series:Pembangunan profesion perguruan
Subjects:

MARC

LEADER 00000cam a2200000 7i4500
001 0000012814
005 20151126.0
008 080103
020 |a 9832311276 
020 |a 9833585116 
090 0 0 |a 370.154   |b AIN 
100 0 |a Ainon Muhammad 
245 1 0 |a Guru sebagai pendorong dalam darjah   |c Ainon Mohd., Abdullah Hassan.-Ed. Kemas kini 
260 |a Pahang :   |b PTS Professional Publishing ,   |c 2005 
440 |a Pembangunan profesion perguruan 
650 0 |a Motivation in education 
650 0 |a Teacher participation in educational counseling 
650 0 |a Teacher   |x Student relationships 
700 0 |a Abdullah Hassan 
710 0 |a Title 
999 |a 0000892740   |b Book   |c Adult Collection   |e Cawangan Tmn. Ungku Tun Aminah 
999 |a 0000910408   |b Book   |c Adult Collection   |e Cawangan Bandar Tenggara 
999 |a 0001010299   |b Book   |c Adult Collection   |e Perbadanan Perpustakaan Awam Johor 
999 |a 0001010300   |b Book   |c Adult Collection   |e Perbadanan Perpustakaan Awam Johor 
999 |a 0001010302   |b Book   |c Adult Collection   |e Cawangan Urban Transformation Centre 
999 |a 0001010303   |b Book   |c Adult Collection   |e Cawangan Taman Sri Lambak 
999 |a 0001086075   |b Book   |c Adult Collection   |e Cawangan Mersing 
999 |a 0001086076   |b Book   |c Adult Collection   |e Cawangan Pontian